Sports Quiz

Random Sports or NFL Quiz

NFL Non-Kicker Career Points Scored Leaders Quiz Stats

 Plays Quiz not verified by Sporcle

Challenge
Share
Tweet
Embed
Score 0/46 Timer 15:00
0 Plays Today
Points Scored, Pos. Player % Correct
1256, WRJerry Rice
98.7%
1052, RBEmmitt Smith
98%
972, RBLaDainian Tomlinson
96.7%
950, WRRandy Moss
96.1%
756, FBJim Brown
92.1%
632, WRTim Brown
91.4%
614, RBAdrian Peterson
90.8%
942, WRTerrell Owens
90.1%
674, TETony Gonzalez
88.2%
590, WRLarry Fitzgerald
88.2%
830, RBMarshall Faulk
87.5%
778, WRMarvin Harrison
87.5%
654, RBBarry Sanders
87.5%
750, RBWalter Payton
86.2%
600, RB-FBFranco Harris
83.6%
872, RBMarcus Allen
82.9%
672, RBShaun Alexander
82.9%
556, RBEdgerrin James
80.9%
576, RBEric Dickerson
78.3%
528, RBThurman Thomas
77%
624, TEAntonio Gates
73%
606, RBCurtis Martin
73%
552, WRIsaac Bruce
71.1%
Points Scored, Pos. Player % Correct
536, RBCorey Dillon
70.4%
796, WRCris Carter
69.7%
570, RBJerome Bettis
69.1%
528, WRAndre Reed
68.4%
546, RBTony Dorsett
60.5%
2002, QBGeorge Blanda
58.6%
548, RBRicky Watters
57.2%
558, FBJim Taylor
53.9%
540, HB/WRCharley Taylor
53.3%
696, RBJohn Riggins
50.7%
532, WRIrving Fryar
50.7%
760, HBPaul Hornung
49.3%
823, WR/LEDon Hutson
41.4%
566, RBPriest Holmes
37.5%
678, HBLenny Moore
34.9%
540, RBLeroy Kelly
32.2%
608, WRSteve Largent
26.3%
573, QBBob Waterfield
21.1%
534, HBDoak Walker
20.4%
546, WR/FLBobby Mitchell
19.1%
532, FL/HBDon Maynard
16.4%
644, E/WRGordie Soltau
1.3%
531, FBPat Harder
1.3%

You're not logged in!

Compare scores with friends on all Sporcle quizzes.
Join for Free
OR
Log In

You Might Also Like...

Show Comments

Extras

Top Quizzes Today


Score Distribution

Your Account Isn't Verified!

In order to create a playlist on Sporcle, you need to verify the email address you used during registration. Go to your Sporcle Settings to finish the process.

Report this User

Report this user for behavior that violates our Community Guidelines.

Details: